| 000 | 01823nam a2200457Ii 4500 | ||
|---|---|---|---|
| 001 | DIGEDICNSB0117 | ||
| 003 | NyNyDIG | ||
| 008 | 221020s2014 sp a o 001 0 spa d | ||
| 006 | m o d | ||
| 007 | cr ||||||||||| | ||
| 035 | _a(OCoLC)1379471741 | ||
| 040 |
_aDGITA _beng _erda _epn _cDGITA |
||
| 020 |
_a9788490198568 _qeBook |
||
| 020 | _z9788466631938 | ||
| 043 |
_ae-sp--- _ae-au--- _ae-gx--- |
||
| 050 | 1 | 4 | _aD805.5.M38 ebook |
| 100 | 1 |
_aMata Maeso, Ignacio, _d1973- _eauthor. |
|
| 245 | 1 | 0 |
_aMauthausen : _bmemorias de un republicano español en el holocausto / _cIgnacio Mata Maeso. |
| 264 | 1 |
_aBarcelona (España) : _bEdiciones B, _c[2014] |
|
| 300 |
_a1 online resource : _billustrations. |
||
| 336 |
_atext _btxt _2rdacontent |
||
| 337 |
_acomputer _bc _2rdamedia |
||
| 338 |
_aonline resource _bcr _2rdacarrier |
||
| 347 |
_atext file _2rdaft |
||
| 347 | _bEPUB | ||
| 500 | _a"Basadas en la vida de Alfonso Maeso." | ||
| 500 | _aIncludes index. | ||
| 588 | 0 | _aOnline resource; title from ePub title page (Digitalia, viewed October 20, 2022) | |
| 600 | 1 | 0 |
_aMaeso Huerta, Alfonso, _d1920-2007. |
| 610 | 2 | 0 |
_aMauthausen (Concentration camp) _vBiography. |
| 650 | 0 |
_aWorld War, 1939-1945 _xPrisoners and prisons, German. |
|
| 651 | 0 |
_aSpain _xHistory _yCivil War, 1936-1939 _xRefugees _vBiography. |
|
| 650 | 0 |
_aPrisoners of war _zGermany _vBiography. |
|
| 650 | 0 |
_aPrisoners of war _zSpain _vBiography. |
|
| 791 | 2 |
_aDigitalia (Firm), _edistributor. |
|
| 793 | 0 |
_gDigitalia eBook Collection: _aEdiciones B |
|
| 776 | 0 | 8 |
_iPrint version: _aMata Maeso, Ignacio, 1973- _tMauthausen. _b1a edición. _dBarcelona (España) : Ediciones B, [2014] _z9788466631938 |
| 856 | 4 | 0 |
_3Digitalia Hispánica _uhttps://www.digitaliapublishing.com/a/53503/ |
| 910 | _aPremium collection: 2022 | ||
| 942 | _cRAA | ||
| 999 |
_c253594 _d253594 |
||